اكتمل التصدير — 

A catalogue of Egyptian cosmetic palettes in the Manchester University Museum collection /

محفوظ في:

المؤلف الرئيسي: Patenaude, Julie (مؤلف)

مؤلفون آخرون: Shaw, Garry J.

التنسيق: كتاب

اللغة: English

منشور في: London : Golden House Publ., 2011.

سلاسل: Catalogue Egypt Collections Manchester Museum ; 1.
CECMM ; 1.

الموضوعات:

الوسوم: إضافة وسم

لا توجد وسوم, كن أول من يضع وسما على هذه التسجيلة!

رقم الطلب: DT59 .M31 C25 v.1

LEADER 01561namaa2200361 4500
001 21837
003 OSt
005 20250618104416.0
008 130303s2011 enkab bc 000 0 eng d
010 |a 2011501164 
020 |a 9781906137205 
040 |c ARCE Library 
043 |a f-ua---  |a e-uk-en 
050 4 |a DT59 .M31 C25 v.1 
100 1 |a Patenaude, Julie,  |e author  |9 37369 
245 1 2 |a A catalogue of Egyptian cosmetic palettes in the Manchester University Museum collection /   |c Julie Patenaude and Garry J. Shaw. 
264 1 |a London :   |b Golden House Publ.,   |c 2011. 
300 |a 119 pages :   |b illustrations, maps ;   |c 24 cm. 
490 1 |a Catalogue Egypt Collections Manchester Museum ;   |v 1. 
490 1 |a CECMM ;   |v 1. 
504 |a Includes bibliographical references (p. 73-74). 
505 0 |a Predynastic Cosmetic Palettes -- Predynastic Chronology -- Methodology -- History of the Manchester University Egyptology Collection -- Abberivations Used For Names Of Musuems -- Map -- The Catalogue -- Analysis -- Provenance -- Types of Palette -- Dating -- Example Graves -- Acquisition Source -- Bibliography -- Plates. 
555 |a wafaa.lib 
610 2 0 |a Manchester Museum (University of Manchester).  |v Catalogs. 
650 0 |a Grave goods  |z Egypt  |v Catalogs. 
650 0 |a Palettes  |z Egypt  |v Catalogs. 
651 0 |a Egypt  |x Antiquities  |v Catalogs. 
700 1 |a Shaw, Garry J.  
830 0 |a Catalogue Egypt Collections Manchester Museum ;   |v 1. 
830 0 |a CECMM ;   |v 1. 
901 |a reviewed 
942 |c BK  |2 lcc 
999 |c 21454  |d 21454